טוען...
Introduction to genetics and cytogenetics
| מחבר ראשי: | |
|---|---|
| פורמט: | Printed Book |
| שפה: | Undetermined English |
| יצא לאור: |
NewYork
John Wiley & Sons INC
1948
|
| נושאים: |
| LEADER | 00707nam a2200241Ia 4500 | ||
|---|---|---|---|
| 008 | 140306s9999 xx 000 0 und d | ||
| 041 | |a eng | ||
| 082 | |a 575.1 |b RIL | ||
| 100 | |a Riley, Herbert Parkers | ||
| 245 | |a Introduction to genetics and cytogenetics | ||
| 260 | |a NewYork |b John Wiley & Sons INC |c 1948 | ||
| 300 | |a 596 | ||
| 650 | |a Chromosome | ||
| 650 | |a Chromosome map | ||
| 650 | |a Evolution | ||
| 650 | |a Gene | ||
| 650 | |a Genetics | ||
| 650 | |a Locating gene | ||
| 650 | |a Mutation | ||
| 650 | |a Probability | ||
| 942 | |2 ddc |c BK | ||
| 999 | |c 52351 |d 52351 | ||
| 952 | |0 0 |1 0 |2 ddc |4 0 |6 575_100000000000000_RIL |7 0 |9 68674 |a KAUACV |b KAUACV |d 2004-05-06 |o 575.1 RIL |p KAU_ACV-4021 |r 2014-03-22 |w 2014-03-22 |y BK | ||